A comparative study of a bio fuel cell with two different proton exchange membrane for the production of electricity from waste water; Resource-Efficient Technologies; Vol. 3, iss. 1 : TECHNOSCAPE 2016: International Conference on Separation Technologies in Chemical, Biochemical, Petroleum and Environmental Engineering
| Parent link: | Resource-Efficient Technologies: electronic scientific journal/ National Research Tomsk Polytechnic University (TPU).— , 2015-.— 2405-6537 Vol. 3, iss. 1 : TECHNOSCAPE 2016: International Conference on Separation Technologies in Chemical, Biochemical, Petroleum and Environmental Engineering.— 2017.— [P. 78–81] |
|---|---|
| 1. Verfasser: | |
| Weitere Verfasser: | , |
| Zusammenfassung: | Title screen In the present study, electricity generation with waste water as substrate was investigated in a two compartment biofuel cell with two different combinations of electrodes and membrane. Two proton exchange membranes namely nafion and agar salt bridge and aluminum as electrode were used in the biofuel cell. It was found that biofuel cells operated with nafion produce maximum voltage 0.504 V with a current density of 0.1 A/m2 whereas in case of agar salt bridge maximum voltage of 0.145 V with a current density of 0.05 A/m2 was obtained. The more voltage produced in case of nafion is attributed to its low resistance for hydrogen ion transport. |
| Sprache: | Englisch |
| Veröffentlicht: |
2017
|
| Schlagworte: | |
| Online-Zugang: | http://earchive.tpu.ru/handle/11683/50275 |
| Format: | MixedMaterials Elektronisch Buchkapitel |
| KOHA link: | https://koha.lib.tpu.ru/cgi-bin/koha/opac-detail.pl?biblionumber=572517 |
MARC
| LEADER | 00000naa2a2200000 4500 | ||
|---|---|---|---|
| 001 | 572517 | ||
| 005 | 20231101125448.0 | ||
| 035 | |a (RuTPU)RU\TPU\prd\270578 | ||
| 035 | |a RU\TPU\prd\270577 | ||
| 090 | |a 572517 | ||
| 100 | |a 20170327a2017 k y0rusy50 ba | ||
| 101 | 0 | |a eng | |
| 102 | |a RU | ||
| 135 | |a drcn ---uucaa | ||
| 200 | 1 | |a A comparative study of a bio fuel cell with two different proton exchange membrane for the production of electricity from waste water |b Electronic resource |f A. Shahi, B. N. Rai, R. S. Singh | |
| 203 | |a Text |c electronic | ||
| 300 | |a Title screen | ||
| 320 | |a [References: p. 80-81 (22 tit.)] | ||
| 330 | |a In the present study, electricity generation with waste water as substrate was investigated in a two compartment biofuel cell with two different combinations of electrodes and membrane. Two proton exchange membranes namely nafion and agar salt bridge and aluminum as electrode were used in the biofuel cell. It was found that biofuel cells operated with nafion produce maximum voltage 0.504 V with a current density of 0.1 A/m2 whereas in case of agar salt bridge maximum voltage of 0.145 V with a current density of 0.05 A/m2 was obtained. The more voltage produced in case of nafion is attributed to its low resistance for hydrogen ion transport. | ||
| 461 | 1 | |0 (RuTPU)RU\TPU\prd\247369 |x 2405-6537 |t Resource-Efficient Technologies |o electronic scientific journal |f National Research Tomsk Polytechnic University (TPU) |d 2015- | |
| 463 | 1 | |0 (RuTPU)RU\TPU\prd\270566 |t Vol. 3, iss. 1 : TECHNOSCAPE 2016: International Conference on Separation Technologies in Chemical, Biochemical, Petroleum and Environmental Engineering |v [P. 78–81] |d 2017 | |
| 610 | 1 | |a труды учёных ТПУ | |
| 610 | 1 | |a электронный ресурс | |
| 610 | 1 | |a биотопливо | |
| 610 | 1 | |a протонный обмен | |
| 610 | 1 | |a мембраны | |
| 610 | 1 | |a электроды | |
| 610 | 1 | |a субстраты | |
| 700 | 1 | |a Shahi |b A. |g Amrita | |
| 701 | 1 | |a Rai |b B. N. | |
| 701 | 1 | |a Singh |b R. S. | |
| 801 | 1 | |a RU |b 63413507 |c 20090623 |g PSBO | |
| 801 | 2 | |a RU |b 63413507 |c 20180831 |g PSBO | |
| 856 | 4 | |u http://earchive.tpu.ru/handle/11683/50275 | |
| 942 | |c BK | ||